000 00781nmm a2200265 a 4500
003 AR-BaBNM
005 20251128211244.0
008 203020s2001 ||||||||||||||000 | spa||
020 _a987-98346-2-3
040 _cAR-BaBNM
100 1 _aGaray, Elvira
245 1 0 _aActos patrios, nuevos caminos para pensar
_b25 de mayo-20 de junio, nivel inicial y 1ero. ciclo EGB1
260 _aBuenos Aires
_bHola Chicos
_c2001
300 0 _a127 p.
_bil., láms.
500 0 _aContiene actividades de aplicación
650 4 _aCALENDARIOS ESCOLARES
650 4 _aACTIVIDADES ESCOLARES
650 4 _aACTIVIDADES RECREATIVAS
650 4 _aDRAMATIZACION
653 0 _aEDUCACION PRIMARIA
653 0 _aACTOS ESCOLARES
700 1 _aCalvet, Perla
942 _cBK
998 _cMariana
999 _c18881
_d18881